[Event "IECC CL7-2005.18 email"]
[Site "IECC email"]
[Date "2005.12.03"]
[Round "?"]
[White "Galanti, Sergio"]
[Black "Trapp, Lynn"]
[Result "1-0"]
[WhiteElo "1101"]
[BlackElo "1107"]
[PlyCount "39"]
[EventDate "2005.??.??"]
[EventType "tourn (corr)"]
[EventRounds "4"]
[SourceTitle "Corr 2008"]
[Source "ChessBase"]
[SourceDate "2008.06.24"]
[SourceVersion "1"]
[SourceVersionDate "2008.06.24"]
[SourceQuality "1"]

1. e4 e5 2. Nc3 Bd6 3. Bc4 Nf6 4. Nf3 Nc6 5. d3 Nd4 6. Ng5 0-0 7. Nd5 Nxd5 8. Bxd5 h6 9. Qh5 Qf6 10. Nxf7 Nxc2+ 11. Kd1 Nxa1 12. Nxd6+ Kh7 13. Nf5 d6 14. g4 c6 15. g5 Qg6 16. Qxg6+ Kxg6 17. gxh6 gxh6 18. Rg1+ Kf6 19. Bxh6 Rh8 20. Bg7# 1-0

[Event "IECC CL7-2005.18 email"]
[Site "IECC email"]
[Date "2005.12.03"]
[Round "?"]
[White "Trapp, Lynn"]
[Black "Detain, Tom"]
[Result "0-1"]
[WhiteElo "1137"]
[BlackElo "1237"]
[PlyCount "48"]
[EventDate "2005.??.??"]
[EventType "tourn (corr)"]
[EventRounds "4"]
[SourceTitle "Corr 2008"]
[Source "ChessBase"]
[SourceDate "2008.06.24"]
[SourceVersion "1"]
[SourceVersionDate "2008.06.24"]
[SourceQuality "1"]

1. e4 c5 2. c3 Nc6 3. Be2 e6 4. Nf3 Nf6 5. d3 Qc7 6. c4 b6 7. Nc3 a6 8. 0-0 Bb7 9. g3 h6 10. Bf4 e5 11. Qd2 exf4 12. Qxf4 Qxf4 13. gxf4 0-0-0 14. e5 Nh5 15. Nd5 b5 16. b3 Ne7 17. Nxe7+ Bxe7 18. f5 Nf4 19. Bd1 Bxf3 20. Bxf3 Nxd3 21. Rfd1 Nxe5 22. Be2 Bf6 23. f4 Nc6 24. Rd5 Bxa1 0-1